|
|
|
|
| LEADER |
00000nam a2200000 i 4500 |
| 001 |
1/82691 |
| 008 |
970311s1990 gre d |
| 020 |
|
|
|a 9963-558-02-X
|
| 035 |
|
|
|a 1992
|b 3
|c Δωρεά
|l 10034013
|
| 040 |
|
|
|a GR-MY-UA
|b gre
|e aacr
|
| 041 |
0 |
|
|a gre
|
| 082 |
0 |
|
|a 889.092
|
| 100 |
1 |
|
|a Μητσάκης, Καριοφίλης - Κάρολος Χ.
|d 1932-
|
| 245 |
1 |
2 |
|a Ο ποιητής Κύπρος Χρυσανθής :
|b η σύμβολή της Κύπρου στη νεοελληνική λογοτεχνία /
|c Κ. Μητσάκη
|
| 260 |
|
|
|a Λευκωσία :
|b Ε.Π.Ο.Κ.,
|c 1990
|
| 300 |
|
|
|a 99 σ.
|
| 650 |
0 |
0 |
|a Poets, Greek (Modern)
|z Cyprus
|x Biography.
|
| 852 |
|
|
|a INST
|b RHODES
|e 19970311
|h 889.092 ΜΗΤ
|p 005400010279
|q 005400010279
|t BK
|y 0
|
| 909 |
|
|
|a Ρ
|b 022259
|c 1992
|
| 970 |
|
|
|z 2000/06/ΟΙΚΟΝΟΜΟΠΟΥΛΟΥ (SUBJECT)
|